Zvládnuť celý reťazec
Podmienkou kvality chladených a mrazených potravín je zvládnutie celého chladiaceho reťazca na ceste od výrobcu ku spotrebiteľovi. Čo je to energetické štítkovanie. Uzavretý a otvorený chladiaci nábytok a jeho dizajn. Možné úspory energie použitím elektronickej regulácie.
Saved in:
| Main Author: | |
|---|---|
| Format: | Book Chapter |
| Language: | Slovak |
| Subjects: | |
| Tags: |
No Tags, Be the first to tag this record!
|
MARC
| LEADER | 00000naa a2200000 4500 | ||
|---|---|---|---|
| 001 | r041800 | ||
| 005 | 20231002114218.3 | ||
| 041 | 0 | |a slo | |
| 044 | |a SK | ||
| 245 | 1 | 0 | |a Zvládnuť celý reťazec |c Peter Tomlein |
| 520 | |a Podmienkou kvality chladených a mrazených potravín je zvládnutie celého chladiaceho reťazca na ceste od výrobcu ku spotrebiteľovi. Čo je to energetické štítkovanie. Uzavretý a otvorený chladiaci nábytok a jeho dizajn. Možné úspory energie použitím elektronickej regulácie. | ||
| 610 | 2 | 0 | |a mraziarne |
| 610 | 2 | 0 | |a zariadenia chladiarenské |
| 610 | 2 | 0 | |a úspory energie |
| 610 | 2 | 0 | |a Slovensko |
| 100 | 1 | |a Tomlein, Peter | |